000 00606nam a2200205Ia 4500
003 GCL
005 20240530103622.0
008 140319s9999 xx 000 0 ara d
040 _aGCL /
_cGCL
082 0 4 _a320.5
_bب ن
100 1 _aعبدالكريم احمد
245 1 0 _aالنظريات السياسية فى العالم المعاصر /
_cعبدالكريم احمد
300 _a415
490 _aكتاب
_v0
650 0 4 _aالرأسمالية
650 0 4 _aالاشتراكية
650 0 4 _aالمذاهب السياسية
700 1 _aبيرنز، ادوار م
942 _2ddc
_cBK
999 _c41212
_d41212